Otolaryngology--head and neck surgery / (Record no. 27420)

000 -LEADER
fixed length control field 01372pam a2200301 a 4500
001 - CONTROL NUMBER
control field 1087563
003 - CONTROL NUMBER IDENTIFIER
control field OSt
005 - DATE AND TIME OF LATEST TRANSACTION
control field 20170208123017.0
008 - FIXED-LENGTH DATA ELEMENTS--GENERAL INFORMATION
fixed length control field 920513s1993 moua b 001 0 eng c
010 ## - LIBRARY OF CONGRESS CONTROL NUMBER
LC control number 92018765
020 ## - INTERNATIONAL STANDARD BOOK NUMBER
International Standard Book Number 0801662869 (set)
040 ## - CATALOGING SOURCE
Original cataloging agency DNLM/DLC
Transcribing agency DLC
Modifying agency DLC
050 00 - LIBRARY OF CONGRESS CALL NUMBER
Classification number RF51
Item number .O86 1992
060 ## - NATIONAL LIBRARY OF MEDICINE CALL NUMBER
Classification number WV 168 O88
082 00 - DEWEY DECIMAL CLASSIFICATION NUMBER
Classification number 617.5/1
Edition number 20
245 00 - TITLE STATEMENT
Title Otolaryngology--head and neck surgery /
Statement of responsibility, etc. edited by Charles W. Cummings ; with 274 contributors.
250 ## - EDITION STATEMENT
Edition statement 2nd ed.
260 ## - PUBLICATION, DISTRIBUTION, ETC. (IMPRINT)
Place of publication, distribution, etc. St. Louis :
Name of publisher, distributor, etc. Mosby Year Book,
Date of publication, distribution, etc. c1993.
300 ## - PHYSICAL DESCRIPTION
Extent 4 v. (xxxvii, 3397, 70 p.) :
Other physical details ill. (some col.) ;
Dimensions 29 cm.
504 ## - BIBLIOGRAPHY, ETC. NOTE
Bibliography, etc Includes bibliographical references and index.
505 0# - FORMATTED CONTENTS NOTE
Formatted contents note v. 1 General, face, nose, paranasal sinuses / edited by Charles J. Krause -- v. 2. Salivary glands, oral cavity/oropharynx/nasopharynx, neck / edited by David E. Schuller -- v. 3. Larynx/hypopharynx, trachea/bronchus/esophagus, thyroid/parathyroid / edited by John M. Fredrickson -- v. 4. Ear and cranial base / edited by Lee A. Harker.
650 #0 - SUBJECT ADDED ENTRY--TOPICAL TERM
Topical term or geographic name as entry element Otolaryngology, Operative.
650 #2 - SUBJECT ADDED ENTRY--TOPICAL TERM
Topical term or geographic name as entry element Otorhinolaryngologic Diseases
General subdivision surgery.
700 1# - ADDED ENTRY--PERSONAL NAME
Personal name Cummings, Charles W.
Fuller form of name (Charles William),
Dates associated with a name 1935-
906 ## - LOCAL DATA ELEMENT F, LDF (RLIN)
a 7
b cbc
c orignew
d 1
e ocip
f 19
g y-gencatlg
942 ## - ADDED ENTRY ELEMENTS (KOHA)
Source of classification or shelving scheme
Koha item type Hard Covered Materials
Classification part RF 51 .O86 1992
Holdings
Withdrawn status Lost status Source of classification or shelving scheme Damaged status Not for loan Home library Current library Shelving location Date acquired Source of acquisition Total Checkouts Full call number Barcode Date last seen Price effective from Koha item type
          MACHAKOS UNIVERSITY LIBRARY MACHAKOS UNIVERSITY LIBRARY Technical section 08/02/2017 Donation(B.F.A)   RF 51 .O86 1992 35111 12/07/2018 08/02/2017 Hard Covered Materials
© Machakos University Library, Along The Highway, Machakos Wote Rd, Machakos, Kenya P.O. Box 136 - 90100 Machakos - Kenya

Tel: ( +254 ) 723 805829 OR Fax : 044-20353 OR Email: library@mksu.ac.ke